La certification des comptes, un outil complémentaire pour l’indispensable amélioration de la qualité des comptes des collectivités locales (notice n° 2077742)

détails MARC
000 -LEADER
fixed length control field 01962cam a2200181 4500500
005 - DATE AND TIME OF LATEST TRANSACTION
control field 20260405004716.0
041 ## - LANGUAGE CODE
Language code of text/sound track or separate title fre
042 ## - AUTHENTICATION CODE
Authentication code dc
100 10 - MAIN ENTRY--PERSONAL NAME
Personal name Robert, Guillaume
Relator term author
245 00 - TITLE STATEMENT
Title La certification des comptes, un outil complémentaire pour l’indispensable amélioration de la qualité des comptes des collectivités locales
260 ## - PUBLICATION, DISTRIBUTION, ETC.
Date of publication, distribution, etc. 2025.<br/>
500 ## - GENERAL NOTE
General note 36
520 ## - SUMMARY, ETC.
Summary, etc. L’expérimentation de la certification des comptes locaux a répondu aux attentes d’amélioration de la maîtrise des risques et de la qualité des comptes et permet de mieux cadrer le recours à cette démarche par les collectivités qui le souhaiteraient. Force est néanmoins de constater que la démarche de certification des comptes présente des coûts et des limites conduisant à interroger sa soutenabilité et sa portée dans le secteur public local, ce qui conduit à en promouvoir l’usage auprès des collectivités qui en tireraient le bénéfice le plus direct, tout en poursuivant la promotion de l’ensemble des outils d’amélioration de la qualité des comptes.
520 ## - SUMMARY, ETC.
Summary, etc. The experiment regarding the certification of local authorities accounts has met expectations for improving risk management and account quality, thereby allowing for a better framework for local authorities wishing to pursue this approach. However, the process of certification involves costs and limitations that raise questions about its sustainability and scope within the local public sector. This leads to advocating its use primarily for those local authorities that would derive the most direct benefit, while continuing to promote all available tools for enhancing account quality.
700 10 - ADDED ENTRY--PERSONAL NAME
Personal name Brunner, Eugénie
Relator term author
786 0# - DATA SOURCE ENTRY
Note Revue française de finances publiques | 172 | 4 | 2025-11-20 | p. 33-41 | 0294-0833
856 41 - ELECTRONIC LOCATION AND ACCESS
Uniform Resource Identifier <a href="https://droit.cairn.info/revue-revue-francaise-de-finances-publiques-2025-4-page-33?lang=fr&redirect-ssocas=7080">https://droit.cairn.info/revue-revue-francaise-de-finances-publiques-2025-4-page-33?lang=fr&redirect-ssocas=7080</a>

Pas d'exemplaire disponible.

PLUDOC

PLUDOC est la plateforme unique et centralisée de gestion des bibliothèques physiques et numériques de Guinée administré par le CEDUST. Elle est la plus grande base de données de ressources documentaires pour les Étudiants, Enseignants chercheurs et Chercheurs de Guinée.

Adresse

627 919 101/664 919 101

25 boulevard du commerce
Kaloum, Conakry, Guinée

Réseaux sociaux

Powered by Netsen Group @ 2025